| 000 | 00000nas##2200000za#4500 |
| 001 | 9.510859 |
| 003 | CaOODSP |
| 005 | 20241210082316 |
| 007 | ta |
| 008 | 150406c2003||||xxc|| p #||||f| |0fre|d |
| 040 | |aCaOODSP|bfre |
| 041 | |aeng |
| 041 | |afre |
| 043 | |an-cn--- |
| 086 | 1 |aFB12-6 |
| 110 | 2 |aBanque du Canada. |
| 245 | 10|aRapport sur la politique monétaire. Mise à jour |
| 260 | |aOttawa - Ontario : |bBanque du Canada |
| 310 | |aSemestriel |
| 362 | 1 |aJanvier 2003-- |
| 500 | |aTitre du départ. |
| 520 | 3 |aUn commentaire émanant du Conseil de direction de la Banque du Canada. Il présente une mise à jour du point de vue de la Banque sur les perspectives économiques, fondée sur l’information reçue à une date préétablie. Il renferme des sommaires détaillés des politiques et des stratégies de la Banque du Canada ainsi qu’une analyse de la conjoncture économique et de son incidence sur l'inflation. |
| 563 | |aCouverture souple |
| 691 | 07|aBanque|2gcpds |
| 691 | 07|aInstitution fédérale|2gcpds |
| 691 | 07|aPolitique monétaire|2gcpds |
| 776 | 0#|tRapport sur la politique monétaire. Mise à jour |w(CaOODSP)9.501596 |
| 776 | 0#|tMonetary policy report. Update |w(CaOODSP)9.505197 |
| 791 | |tMonetary policy report. Update |eeng|w(CaOODSP)9.510858 |